Applications of remote sunsing for environmental studies / (Record no. 42688)

MARC details
000 -LEADER
fixed length control field 00705nam a22001937a 4500
005 - DATE AND TIME OF LATEST TRANSACTION
control field 20100820135515.0
010 ## - LCCN (DPL NO)
LC control number ENG-101110
020 ## - INTERNATIONAL STANDARD BOOK NUMBER
International Standard Book Number 9789380173337
Terms of availability 60.00
035 ## - SYSTEM CONTROL NUMBER
System control number EN-84643
037 ## - SOURCE OF ACQUISITION
Source of stock number/acquisition DBAD/PUB
082 ## - DEWEY DECIMAL CLASSIFICATION NUMBER
Classification number 363.7
100 ## - MAIN ENTRY--PERSONAL NAME
Personal name Srividhya C
245 ## - TITLE STATEMENT
Title Applications of remote sunsing for environmental studies /
Statement of responsibility, etc by C Srividhya
260 ## - PUBLICATION, DISTRIBUTION, ETC. (IMPRINT)
Place of publication, distribution, etc Koradacherry
Name of publisher, distributor, etc Aruma Publication
Date of publication, distribution, etc 2009
270 ## - ADDRESS
Address 35, Gandhi Colony
City Koradacherry
Postal code 613703
300 ## - PHYSICAL DESCRIPTION
Extent 102p
Dimensions 18cm(pbk)
942 ## - ADDED ENTRY ELEMENTS (KOHA)
Source of classification or shelving scheme Dewey Decimal Classification
Item type English Books
Classification part 363.7
Call number suffix SRI
Holdings
Withdrawn status Lost status Not for loan Collection code Home library Current library Date acquired Source of acquisition Cost, normal purchase price Full call number Barcode Copy number Cost, replacement price Koha item type
    Not For Loan Non-fiction D.B.Act.Division D.B.Act.Division 20/08/2010 DBAD/PUB 60.00 363.7 SRI EN-84643 1 60.00 English Books

© Delhi Public Library
Hit Counter
free hit counter